Statistics for Each Winter Olympics Top 10 Countries

Click here to take the quiz!

General Stats

  • This quiz has been taken 60 times
  • The average score is 23 of 27

Answer Stats

Team% Correct
Canada
100%
Finland
100%
Norway
100%
OAR
100%
ROC
100%
Russia
100%
Sweden
100%
United States
98%
China
94%
France
94%
Great Britain
94%
Italy
94%
United Germany
94%
Germany
93%
Japan
93%
South Korea
93%
Austria
89%
Netherlands
87%
Switzerland
87%
Soviet Union
85%
Unified Team
85%
Belgium
74%
East Germany
74%
West Germany
69%
Czechoslovakia
65%
Hungary
61%
Liechtenstein
22%

Score Distribution

Percentile by Number Answered

Percent of People with Each Score

Your Score History

You have not taken this quiz